Sistemas económicos / (Registro nro. 5484)
[ vista simple ]
| 000 -LEADER | |
|---|---|
| fixed length control field | 00878nam a2200241Ia 4500 |
| 003 - CONTROL NUMBER IDENTIFIER | |
| control field | OSt |
| 005 - DATE AND TIME OF LATEST TRANSACTION | |
| control field | 20200609150033.0 |
| 008 - FIXED-LENGTH DATA ELEMENTS--GENERAL INFORMATION | |
| fixed length control field | 191128s1953 ar gr 000 0dspa d |
| 040 ## - CATALOGING SOURCE | |
| Original cataloging agency | CO-JMCR |
| Transcribing agency | CO-JMCR |
| 041 0# - LANGUAGE CODE | |
| Language code of text/sound track or separate title | spa |
| 082 04 - DEWEY DECIMAL CLASSIFICATION NUMBER | |
| Classification number | 330.12 / |
| Item number | A367s |
| Edition number | 23 |
| 100 1# - MAIN ENTRY--PERSONAL NAME | |
| Personal name | Alemann, Roberto T., |
| Relator term | autor |
| 9 (RLIN) | 5262 |
| 245 10 - TITLE STATEMENT | |
| Title | Sistemas económicos / |
| Statement of responsibility, etc. | Roberto T. Alemann |
| 260 ## - PUBLICATION, DISTRIBUTION, ETC. | |
| Place of publication, distribution, etc. | Buenos Aires : |
| Name of publisher, distributor, etc. | Arayú, |
| Date of publication, distribution, etc. | 1953 |
| 300 ## - PHYSICAL DESCRIPTION | |
| Extent | xii, 250 páginas ; |
| Dimensions | 22 cm. |
| 504 ## - BIBLIOGRAPHY, ETC. NOTE | |
| Bibliography, etc. note | Bibliografía: páginas 245-250 |
| 505 ## - FORMATTED CONTENTS NOTE | |
| Formatted contents note | Concepto y definición del sistema y económico -- Clasificación de los sistemas económicos -- Estructura de los sistemas económicos -- El problema del cálculo económico |
| 650 14 - SUBJECT ADDED ENTRY--TOPICAL TERM | |
| Topical term or geographic name entry element | Sistemas económicos |
| 9 (RLIN) | 4576 |
| 650 24 - SUBJECT ADDED ENTRY--TOPICAL TERM | |
| Topical term or geographic name entry element | Teoría económica |
| 9 (RLIN) | 5263 |
| 650 24 - SUBJECT ADDED ENTRY--TOPICAL TERM | |
| Topical term or geographic name entry element | Sistema capitalista |
| 9 (RLIN) | 5264 |
| 650 24 - SUBJECT ADDED ENTRY--TOPICAL TERM | |
| Topical term or geographic name entry element | Cálculo económico |
| 9 (RLIN) | 5265 |
| 942 ## - ADDED ENTRY ELEMENTS (KOHA) | |
| Source of classification or shelving scheme | Dewey Decimal Classification |
| Koha item type | Books |
| Withdrawn status | Lost status | Source of classification or shelving scheme | Materials specified (bound volume or other part) | Damaged status | Not for loan | Home library | Current library | Shelving location | Date acquired | Source of acquisition | Cost, normal purchase price | Total Checkouts | Full call number | Barcode | Date last seen | Copy number | Price effective from | Koha item type |
|---|---|---|---|---|---|---|---|---|---|---|---|---|---|---|---|---|---|---|
| Dewey Decimal Classification | Donación--15/04/2018-- | Biblioteca Pública José María del Castillo y Rada | Biblioteca Pública José María del Castillo y Rada | General Stacks | 11/28/2019 | Donación | 0.00 | 330.12 / A367s | 430001975 | 05/16/2024 | Ej.1 | 11/28/2019 | Books |